Herby Miast Województwa Śląskiego - Statystyki

Ogólne statystyki
  • Ten quiz został rozwiązany 21 razy
  • Średni wynik to 8 z 16
Statystyki odpowiedzi
Obrazkowy Odpowiedź % Poprawnych
Katowice
100%
Gliwice
91%
Bytom
73%
Mysłowice
73%
Sosnowiec
64%
Tychy
64%
Chorzów
55%
Ruda Śląska
55%
Świetochłowice
55%
Zabrze
45%
Jaworzno
36%
Będzin
27%
Dąbrowa Górnicza
27%
Piekary Śląskie
27%
Siemianowice Śląskie
18%
Czeladź
9%
Nie znaleziono quizów pasujących do podanych kryteriów
Rozkład punktacji
Procent ludzi z każdym wynikiem
Percentyl według liczby udzielonych odpowiedzi
Twoja historia wyników
Nie rozwiązałeś tego quizu